Está quase! (Record no. 45039)

MARC details
000 -Etiqueta do registo
Valores 00720nam a2200241 4500
010 ## - Número ISBN
ISBN 9789897843648
021 ## - Número do Depósito Legal
Número 487258/21
100 ## - Dados gerais de processamento
Dados gerais 20220208d2021 c y0pory50030103ba
101 1# - Língua de publicação
Língua por
102 ## - País de publicação
País PT
200 1# - Titulo e menção de responsabilidade
Título próprio Está quase!
Primeira menção de responsabilidade Maryann Cocca-Leffler
Outras menções de responsabilidade trad. Joana Gonçalves
205 ## - Menção da edição
Edição 1.ª ed.
210 #9 - Publicação
Local de publicação Lisboa
Nome do editor Nuvem de Letras,
Data de publicação 2021
215 ## - Descrição física 
Paginação / Volumes [26] p.
Outras indicações físicas il.
Dimensões 25 cm
304 ## - Nota relativa ao título
Texto de nota Tít. orig.: The power of yet
675 ## - CDU
Notação 087.5
Edição BN
Língua por
700 #1 - Autor principal
Apelido Cocca-Leffler,
Nome Maryann
702 #1 - Autor secundário
ID Autoridade 2
Apelido Gon—calves,
Nome Joana
Função 730
801 #0 - Fonte de origem
País PT
Agência BN
Regras de catalogação RPC
856 41 - Localização e acesso electrónico 
URL <a href="http://rnod.bnportugal.gov.pt/ImagesBN/winlibimg.aspx?skey=&doc=2091905&img=160937&save=true">http://rnod.bnportugal.gov.pt/ImagesBN/winlibimg.aspx?skey=&doc=2091905&img=160937&save=true</a>
990 ## - Elementos KOHA
Tipo de documento Livro
Holdings
Aquisição Empréstimo Código de barras Cota Permissão de empréstimo Tipo de documento Nota relativa ao exemplar
Biblioteca do Centro Escolar de Montoito Biblioteca do Centro Escolar de Montoito 81132 82-93 COC LIT. INF. JUV.   Livro obra adquirida com financiamento da Rede de Bibliotecas Escolares

Powered by Koha